000
00350 a2200169 4500
001
73355
020
_a
8502040324
040
_c
Anchieta - Colégio São Paulo
100
_a
Lopes, Sônia
240
1
0
_a
Bio
_l
por
245
1
0
_a
Bio
300
_a
430
362
0
_a
2002
440
1
_a
Saraiva
650
4
_a
Ciência da vida - Biologia
942
_c
BK
999
_c
73355
_d
73355